00650nam a2200121Ia 4500008004100000020001800041100002200059245009100081260003900172650001200211650026000223856004500483171212s9999 xx 000 0 und d a9780874216615 aWestwood, Richard cWestwood, RichardaMadame ChairbA Political Autobiography of an Unintentional Pioneer bUniversity Press of Coloradoc2007 aHistory aWestwood, Jean; Women political consultants -- United States -- Biography; Political consultants -- United States -- Biography; Democratic Party (U.S.) -- Biography; United States -- Politics and government -- 20th century; Presidents -- United States --  uwww.jstor.org/stable/10.2307/j.ctt4cgq53